|
|
|
|
| LEADER |
00000nam0a2200000 4500 |
| 001 |
316051 |
| 005 |
20231102002834.0 |
| 010 |
|
|
|a 9785699854288
|
| 035 |
|
|
|a (RuTPU)RU\TPU\book\341488
|
| 090 |
|
|
|a 316051
|
| 100 |
|
|
|a 20160314d2016 m y0rusy50 ca
|
| 101 |
0 |
|
|a rus
|
| 102 |
|
|
|a RU
|
| 105 |
|
|
|a y z 000ay
|
| 200 |
1 |
|
|a Моя нечаянная радость
|e роман
|f Т. А. Алюшина
|
| 210 |
|
|
|a Москва
|c Э
|d 2016
|
| 215 |
|
|
|a 315 с.
|
| 225 |
1 |
|
|a Еще раз про любовь. Романы Т. Алюшиной
|
| 330 |
|
|
|a В двадцать лет Майя влюбилась. Все шло своим чередом — свидания, предложение руки и сердца, предсвадебные хлопоты. .. Было заказано чудесное платье, но чем ближе к свадьбе, тем больше нервничала девушка, уже переставшая понимать, что, собственно, она нашла в женихе. Майя сбежала буквально из-под венца. А через пять лет история повторилась, и еще через несколько лет — снова то же. Пытаясь разобраться, что же с ней не так и откуда взялся синдром сбежавшей невесты, девушка отправилась в паломничество в Пустонь. Там и ждала ее нечаянная радость...
|
| 606 |
1 |
|
|a Русская литература современная
|2 stltpush
|3 (RuTPU)RU\TPU\subj\26373
|9 50316
|
| 610 |
1 |
|
|a романы
|
| 610 |
1 |
|
|a проза
|
| 610 |
1 |
|
|a любовь
|
| 675 |
|
|
|a Р2
|v 4
|
| 700 |
|
1 |
|a Алюшина
|b Т. А.
|g Татьяна Александровна
|
| 801 |
|
1 |
|a RU
|b 63413507
|c 20160314
|
| 801 |
|
2 |
|a RU
|b 63413507
|c 20160421
|g RCR
|
| 942 |
|
|
|c BK
|
| 959 |
|
|
|a 11/20160128
|d 1
|e 208,00
|f ХФ:1
|